| 000 | 00839nam a22002537a 4500 | ||
|---|---|---|---|
| 001 | 4424 | ||
| 003 | FISKH | ||
| 005 | 20240904155538.0 | ||
| 008 | 240904b cb ||||| |||| 00| 0 eng d | ||
| 020 | _a0439389240 | ||
| 040 |
_aFISKH _beng _cFISKH _dFISKH |
||
| 050 | _aPZ7.P2197 | ||
| 082 | _2173 | ||
| 100 |
_aPark, Barbara _d(1947–2013) |
||
| 245 |
_aThe graduation of Jake Moon / _cBarbara Park |
||
| 250 | _aFirst printing 2002 | ||
| 260 |
_aNew York : _bScholastic, _c2000. |
||
| 300 |
_a115 pages : _c20cm. |
||
| 520 | _aFourteen-year-old Jake recalls how he has spent the last four years of his life watching his grandfather descend slowly but surely into the horrors of Alzheimer's disease. | ||
| 650 |
_2Realistic fiction _aIllness _vFamily |
||
| 650 |
_2Elderly _aChapter book _vFunny |
||
| 942 |
_2ddc _cBK _n0 |
||
| 999 |
_c4424 _d4424 |
||